Du lịch lễ hội Việt Nam Giáo trình Tiếng Anh dùng cho sinh viên Đại học & Cao đẳng ngành du lịch
v.v...
Đã lưu trong:
| Tác giả chính: | |
|---|---|
| Định dạng: | Sách |
| Năm xuất bản: |
H.
Văn hóa Hà Nội
2006
|
| Chủ đề: | |
| Tags: |
Thêm thẻ
Không có thẻ, Hãy là người đầu tiên gắn thẻ bản ghi này!
|
| LEADER | 01581nam a2200241 4500 | ||
|---|---|---|---|
| 082 | |a 915.97 |b L 250 TH | ||
| 100 | |a Lê Thị Tuyết Mai | ||
| 242 | |a Tourrism through festivals in vietnam | ||
| 245 | |a Du lịch lễ hội Việt Nam |c Lê Thị Tuyết Mai |b Giáo trình Tiếng Anh dùng cho sinh viên Đại học & Cao đẳng ngành du lịch | ||
| 260 | |a H. |b Văn hóa Hà Nội |c 2006 | ||
| 300 | |a 293tr. |c 21cm | ||
| 500 | |a Sách bằng Tiếng Anh | ||
| 520 | |a v.v... | ||
| 653 | |a Du lịch | ||
| 653 | |a Việt Nam | ||
| 653 | |a Lễ hội | ||
| 942 | |2 ddc |c STK0 | ||
| 999 | |c 5837 |d 5837 | ||
| 952 | |0 0 |1 0 |2 ddc |4 0 |6 915_970000000000000_L_250_TH |7 0 |8 900 |9 53855 |a qbu |b qbu |c D4 |d 2014-12-30 |g 55000 |o 915.97 L 250 TH |p 4440.C1 |r 0000-00-00 |w 2014-12-30 |y STK0 |0 0 |6 915_970000000000000_L_250_TH | ||
| 952 | |0 0 |1 0 |2 ddc |4 0 |6 915_970000000000000_L_250_TH |7 0 |8 900 |9 53856 |a qbu |b qbu |c D4 |d 2014-12-30 |g 55000 |o 915.97 L 250 TH |p 4440.C2 |r 0000-00-00 |w 2014-12-30 |y STK0 |0 0 |6 915_970000000000000_L_250_TH | ||
| 952 | |0 0 |1 0 |2 ddc |4 0 |6 915_970000000000000_L_250_TH |7 0 |8 900 |9 53857 |a qbu |b qbu |c D4 |d 2014-12-30 |g 55000 |l 2 |o 915.97 L 250 TH |p 4440.C3 |r 2019-09-09 |s 2019-09-04 |w 2014-12-30 |y STK0 |0 0 |6 915_970000000000000_L_250_TH | ||
| 952 | |0 0 |1 0 |2 ddc |4 0 |6 915_970000000000000_L_250_TH |7 0 |8 900 |9 53858 |a qbu |b qbu |c D4 |d 2014-12-30 |g 55000 |o 915.97 L 250 TH |p 4440.C4 |r 0000-00-00 |w 2014-12-30 |y STK0 |0 0 |6 915_970000000000000_L_250_TH | ||
| 952 | |0 0 |1 0 |2 ddc |4 0 |6 915_970000000000000_L_250_TH |7 0 |8 900 |9 53859 |a qbu |b qbu |c D4 |d 2014-12-30 |g 55000 |o 915.97 L 250 TH |p 4440.C5 |r 0000-00-00 |w 2014-12-30 |y STK0 |0 0 |6 915_970000000000000_L_250_TH | ||